000 01135nam a22003017a 4500
003 CHAP
005 20220329134748.0
008 971013s1972 r 00010 d
010 _a25439
011 _a26411
035 _a30512
040 _cCHAP
090 _aFolleto 1383y
100 0 0 _aEicher, Carl K.
_935787
245 1 _aCreación de empleos en la agricultura africana
260 _aMéxico, D.F. :
_bCentro Regional de Ayuda Técnica,
_c1972
300 _a44 p.
490 _aCollege of Agriculture and Natural Resources. Institute of International Agriculture. Research report
_v; 9
590 _aBATCH-UPD
_b10
_c20130110
_lUCH01
_h2314
590 _aCONVERSION
_b10
_c20130109
_lUCH01
_h1315
650 1 4 _aAgricultura
_xTrabajadores
_xAfrica.
_91841
830 0 _aCollege of Agriculture and Natural Resources. Institute of International Agriculture. Research report
_v; 9
_925239
901 _aBK
942 _cFOLL
949 _aFolleto 1383y
_bBC
_cFOLL
_d-70802
_eTS1
_i30512
_mD
_si
949 _aFolleto 1383y
_bBC
_cFOLL
_d-70803
_eTS2
_fc.2
_i30512
_mD
_si
949 _aFolleto 1383y
_bBC
_cFOLL
_d-70804
_eTS2
_fc.3
_i30512
_mD
_si
999 _c25439
_d25439